000 00758cam a2200157 a 4500
040 _cDLC
082 _a633 SOU 1981 A053 Or.
245 1 0 _aImprovement of post-harvest facilities and systems :
_bproceedings of the 4th annual Workshop on Grains Post-Harvest Technology, Manila, Philippines, 2O-22 January, 1981 /
260 _aCollege, Laguna, Philippines :
_bSoutheast Asia Cooperative Post-Harvest Research and Development Programme, SEARCA,
_c[1981?]
300 _a462 p. :
_bill. ;
_c28 cm.
650 0 _aGrain
710 2 _aNational Post-Harvest Institute for Research and Extension (Philippines)
710 2 _aNational Food Authority (Philippines)
710 2 _aSoutheast Asia Cooperative Post-Harvest Research and Development Programme.
942 _cEK
999 _c14956
_d14956